LEADER 00949nam a2200253 i 4500 001 991003703319707536 005 20020506103740.0 008 990311s1981 it ||| | ita 035 $ab10544070-39ule_inst 035 $aEXGIL125567$9ExL 040 $aDip.to Filol. Ling. e Lett.$bita 082 0 $a301.16 100 1 $aSartori, Carlo$0143121 245 12$aL'occhio universale :$bmodelli di sviluppo, programmi e pubblico delle televisioni del mondo /$cCarlo Sartori ; pref. di Marshall McLuhan 260 $aMilano :$bRizzoli,$cstampa 1981 300 $a296 p. ;$c25 cm. 650 4$aTelevisione 700 1 $aMcLuhan, Marshall 907 $a.b10544070$b21-09-06$c27-06-02 912 $a991003703319707536 945 $aLE008 L.L.I.D A VII 23$g1$i2008000458355$lle008$o-$pE0.00$q-$rl$s- $t0$u1$v0$w1$x0$y.i1062482x$z27-06-02 996 $aOcchio universale$9215126 997 $aUNISALENTO 998 $ale008$b01-01-99$cm$da $e-$fita$git $h2$i1 LEADER 01157nam 2200409 450 001 9910164200903321 005 20230809222709.0 010 $a1-4988-1673-8 035 $a(CKB)3710000001057665 035 $a(MiAaPQ)EBC4802925 035 $a(EXLCZ)993710000001057665 100 $a20170303h20172017 uy 0 101 0 $aeng 135 $aurcnu|||||||| 181 $2rdacontent 182 $2rdamedia 183 $2rdacarrier 200 10$aTaenia and diphyllobothrium $eglobal status /$fStephen Berger 205 $a2017 edition. 210 1$aLos Angeles, California :$cGIDEON Informatics, Inc,$d2017. 210 4$dİ2017 215 $a1 online resource (78 pages) $ccolor illustrations, photographs, tables 225 1 $aGideon E-Book Series 410 0$aGideon e-book series. 606 $aTaenia 606 $aDiphyllobothrium 615 0$aTaenia. 615 0$aDiphyllobothrium. 676 $a595.121 700 $aBerger$b Stephen$01210032 801 0$bMiAaPQ 801 1$bMiAaPQ 801 2$bMiAaPQ 906 $aBOOK 912 $a9910164200903321 996 $aTaenia and diphyllobothrium$93412067 997 $aUNINA LEADER 02909oam 22006735 450 001 9910777622603321 005 20230207224845.0 010 $a1-280-56455-5 010 $a9786610564552 010 $a0-8213-6538-X 024 8 $a10.1596/978-0-8213-6537-3 024 7 $a10.1596/978-0-8213-6537-3 035 $a(CKB)1000000000465978 035 $a(EBL)459834 035 $a(OCoLC)73281384 035 $a(SSID)ssj0000085229 035 $a(PQKBManifestationID)11112598 035 $a(PQKBTitleCode)TC0000085229 035 $a(PQKBWorkID)10005996 035 $a(PQKB)11585398 035 $a(MiAaPQ)EBC459834 035 $a(Au-PeEL)EBL459834 035 $a(CaPaEBR)ebr10137780 035 $a(CaONFJC)MIL56455 035 $a(OCoLC)320321502 035 $a(The World Bank)2286 035 $a(US-djbf)2286 035 $a(EXLCZ)991000000000465978 100 $a20020129d2006 uf 0 101 0 $aeng 135 $aurcn||||||||| 181 $ctxt$2rdacontent 182 $cc$2rdamedia 183 $acr$2rdacarrier 200 10$aAfrica Development Indicators 2006 : $eFrom the World Bank Africa Database 210 1$aWashington, D.C. :$cThe World Bank,$d2006 215 $a1 online resource (160 pages) 225 1 $aAfrica Development Indicators 300 $aDescription based upon print version of record. 311 $a0-8213-6537-1 320 $aIncludes bibliographical references. 327 $aContents; Foreword; Acknowledgments; Moving from the Year of Africa to the Decade of Africa-From Promises to Results; Notes; References; Indicator tables; Technical notes; Statistical references; Users guide: World Bank Africa Database 2006 and Africa Development Indicators CD-ROM 330 3 $aAfrica Development Indicators 2006 provides the most detailed collection of data on Africa available in one volume. It contains about 450 macroeconomic, sectoral, and social indicators, covering 53 African countries. Designed to provide all those interested in Africa with a focused and convenient set of data to monitor development programs and aid flows in the region, this is an invaluable reference tool for analysts and policymakers who want a better understanding of the economic and social developments occurring in Africa. 410 0$aAfrica Development Indicators 410 0$aWorld Bank e-Library. 606 $aEconomic indicators$zAfrica$vPeriodicals 606 $aSocial indicators$zAfrica$vPeriodicals 607 $aAfrica$xEconomic conditions$y1960-$vStatistics$vPeriodicals 607 $aAfrica$xSocial conditions$y1960-$vStatistics$vPeriodicals 615 0$aEconomic indicators 615 0$aSocial indicators 676 $a330.96/0021 712 02$aWorld Bank. 801 0$bDJBF 801 1$bDJBF 906 $aBOOK 912 $a9910777622603321 996 $aAfrica Development Indicators 2006$93866313 997 $aUNINA LEADER 05230nam 2200649 450 001 9910818765803321 005 20230803210430.0 010 $a1-61075-550-2 035 $a(CKB)3710000000290715 035 $a(EBL)2007813 035 $a(SSID)ssj0001467426 035 $a(PQKBManifestationID)11865269 035 $a(PQKBTitleCode)TC0001467426 035 $a(PQKBWorkID)11516029 035 $a(PQKB)11173726 035 $a(MiAaPQ)EBC2007813 035 $a(OCoLC)898051608 035 $a(MdBmJHUP)muse42316 035 $a(Au-PeEL)EBL2007813 035 $a(CaPaEBR)ebr10988141 035 $a(CaONFJC)MIL796189 035 $a(EXLCZ)993710000000290715 100 $a20140304d2014 uy| 0 101 0 $aeng 135 $aur|n|---||||| 181 $ctxt 182 $cc 183 $acr 200 10$aAmerican appetites $ea documentary reader /$fedited by Jennifer Jensen Wallach and Lindsey R. Swindall 210 1$aFayetteville, Arkansas :$cUniversity of Arkansas Press,$d2014. 215 $a1 online resource (406 p.) 225 0 $aFood and foodways 300 $aDescription based upon print version of record. 311 $a1-55728-668-X 320 $aIncludes bibliographical references and index. 327 $aCover Page; Title Page; Copyright Page; Dedication; Contents; Series Editor's Preface; Acknowledgments; Introduction; 1 - Foundational Food; The Arapaho Learn How to Hunt Buffalo; The Iroquois Learn to Grow Beans, Corn, and Squash Together; Spanish Explorer Francisco Va?squez de Coronado Encounters Pueblo Food, 1540; Athanase de Me?zie?res Describes Wichita Food Habits in Eighteenth-Century Texas; Antoine-Simon Le Page du Pratz Describes the Food of Eighteenth-Century Louisiana; Engravings by Jacques Le Moyne de Morques Depict Native American Subsistence Strategies in Sixteenth-Century Florida 327 $a2 - Colonial Culinary EncountersEnglishman John Gerarde Evaluates the Nutritional Value of Maize, 1597; Olaudah Equiano Describes the Food of Seventeenth-Century Igbo; Alexander Falconbridge Describes the Food of the Middle Passage; Colonial Advertisement Offering Slaves for Sale Who Had Experience Cultivating Rice; Wahunsonacock Advises the English Residents of Jamestown Not to Steal Food from Native Americans; Captain John Smith Describes the Starving Time of 1609-1610; The Colonists at Plimoth Plantation Celebrate Their 1621 Harvest 327 $aMassachusetts Colonist Mary Rowlandson Describes the Food Eaten by the Algonquin Who Held Her Captive in 1675 and 1676An Indentured Servant in Virginia Begs His Parents for Food, 1623; 3 - Developing a National Cuisine; Cotton Mather Describes Religious Fasting, 1683; Changing Fireplace Technology; Sarah Kemble Knight Describes Dining During a 1704 Journey from Boston to New Haven; Cartoon Depicting Colonial Response to the British Tax on Tea, 1774; New York Coffeehouse, 1797; Excerpts from the First American Cookbook 327 $aBenjamin Franklin Gives Advice about Eating and Drinking in Poor Richard's AlmanackThomas Jefferson Requests American Food while Living in France; Kitchen Inventory at Monticello Created by James Hemings; In a Letter to James Monroe, James Madison Reacts to Diplomatic Scandal over Dining Etiquette; 4 - Nineteenth-Century Expansion; Lydia Maria Child Advises American Women, 1832; Memoir of a Wagon Train to California, 1849; Cowboys Eating on the Range; Song about John Chinaman, 1850s; Laguna Pueblo Women Grinding Corn; Rose Wilder Lane's Memoir of Life in the West, 1880s 327 $a5 - Foodways during Enslavement and WarRecipes and Advice for Southern Cooks, 1824; Frederick Douglass Recalls Childhood Hunger, 1845; Harriet Jacobs's Memoir, 1861; Diary of a Soldier from Illinois, 1862; Bread Riot in Richmond, 1863; Lincoln Declares a Day of National Thanksgiving, 1863; Union Officers Dining in the Field, 1864; Recipes and Counsel for Southern Women after the War, 1867; 6 - Eating in an Age of Decadence and Empire; Criticism of Conspicuous Consumption, 1903; Dinner Party Etiquette in 1877; The Nation Magazine Comments on the "Servant Problem"; Dinner at Delmonico's 327 $aAdvice on How to Achieve the Ideal Body Type in the Nineteenth Century 330 $a
Jennifer Jensen Wallach is associate professor of history at the University of North Texas and the author or editor of four books, including How America Eats: A Social History of U.S. Food and Culture.

Lindsey R. Swindall is visiting assistant professor of history at Sam Houston State University and the author of three books including The Path to the Greater, Freer, Truer World: Southern Civil Rights and Anticolonialism, 1937-1955.
606 $aFood$zUnited States$xHistory 607 $aUnited States$2fast 615 0$aFood$xHistory. 676 $a394.1/20973 676 $a394.120973 700 $aWallach$b Jennifer Jensen$01083998 701 $aWallach$b Jennifer Jensen$f1974-$01083998 701 $aSwindall$b Lindsey R.$f1977-$01664365 801 0$bMiAaPQ 801 1$bMiAaPQ 801 2$bMiAaPQ 906 $aBOOK 912 $a9910818765803321 996 $aAmerican appetites$94106518 997 $aUNINA